Everyday Harumi : (Record no. 358811)
[ view plain ]
| 000 -LEADER | |
|---|---|
| fixed length control field | 00599nam a2200217Ia 4500 |
| 008 - FIXED-LENGTH DATA ELEMENTS--GENERAL INFORMATION | |
| fixed length control field | 180920s9999 xx 000 0 und d |
| 020 ## - INTERNATIONAL STANDARD BOOK NUMBER | |
| International Standard Book Number | 978-1-84091-722-2 |
| 050 ## - LIBRARY OF CONGRESS CALL NUMBER | |
| Classification number | CUL TX 724.5 |
| 050 ## - LIBRARY OF CONGRESS CALL NUMBER | |
| Item number | .J3K87 2016 |
| 100 ## - MAIN ENTRY--PERSONAL NAME | |
| Personal name | Kurihara, Harumi. |
| 245 #0 - TITLE STATEMENT | |
| Title | Everyday Harumi : |
| 245 #0 - TITLE STATEMENT | |
| Remainder of title | simple Japanese food for family & friends / |
| 245 #0 - TITLE STATEMENT | |
| Statement of responsibility, etc | Harumi Kurihara; photography by Jason Lowe. |
| 260 ## - PUBLICATION, DISTRIBUTION, ETC. (IMPRINT) | |
| Place of publication, distribution, etc | Great Britain : |
| 260 ## - PUBLICATION, DISTRIBUTION, ETC. (IMPRINT) | |
| Name of publisher, distributor, etc | Conan Octopus, |
| 260 ## - PUBLICATION, DISTRIBUTION, ETC. (IMPRINT) | |
| Date of publication, distribution, etc | 2016 |
| 300 ## - PHYSICAL DESCRIPTION | |
| Extent | 192 pages : |
| 300 ## - PHYSICAL DESCRIPTION | |
| Other physical details | colored illustrations ; |
| 300 ## - PHYSICAL DESCRIPTION | |
| Dimensions | 26 cm. |
| 650 ## - SUBJECT ADDED ENTRY--TOPICAL TERM | |
| Topical term or geographic name as entry element | Cooking, Japanese. |
| Withdrawn status | Lost status | Damaged status | Home library | Current library | Shelving location | Date acquired | Cost, normal purchase price | Total Checkouts | Full call number | Barcode | Date last seen | Price effective from | Koha item type |
|---|---|---|---|---|---|---|---|---|---|---|---|---|---|
| South Mansfield College | South Mansfield College | 09/18/2018 | 479.20 | CUL TX 724.5 .J3K87 2016 | SMC06204 | 09/20/2018 | 09/20/2018 | Books |